| 000 | 00626nam a2200205 4500 | ||
|---|---|---|---|
| 005 | 20260416112601.0 | ||
| 010 | _aENG-148296 | ||
| 020 |
_a9789371363723 _c455.00 |
||
| 035 | _aEN-131828 | ||
| 037 | _bDBAD | ||
| 082 |
_22026 _a570 |
||
| 100 |
_aRohit, Gautam _988929 |
||
| 245 |
_aNTA CUET(ug) Biology _cRohit Gautam |
||
| 250 | _a2026 | ||
| 260 |
_aUttar Pradesh _bPerson India Education Services PVT. LTD |
||
| 270 |
_a1st Floor, Berger Tower, Plot No. c-001A/2, Sector 16B, Noida _bIndia _e201301 |
||
| 300 |
_avp. _c23cm(pb) |
||
| 700 |
_aPrashant Jain _988921 |
||
| 942 |
_2ddc _cEN _e2026 _h570 _mGAU |
||
| 999 |
_c215903 _d215903 |
||